[Event "Open Marianske Lazne 2018 - A + B"]
[Site "?"]
[Date "2018.01.22"]
[Round "3"]
[White "German, Nikita"]
[Black "Pena Gomez, Manuel"]
[Result "0-1"]
[WhiteElo "2229"]
[BlackElo "2491"]
[PlyCount "86"]
[EventDate "2018.??.??"]

1. e4 c5 2. Nf3 d6 3. d4 cxd4 4. Nxd4 Nf6 5. Nc3 a6 6. Be2 e6 7. f4 Qc7 8. Bf3
Be7 9. O-O O-O 10. a4 Nc6 11. Be3 Nxd4 12. Qxd4 e5 13. Qd2 exf4 14. Bxf4 Be6
15. Rad1 Rad8 16. Kh1 Rfe8 17. Qf2 Qa5 18. Qg3 Qb4 19. e5 dxe5 20. Bxe5 g6 21.
Bxf6 Bxf6 22. Nd5 Bxd5 23. Bxd5 Kg7 24. Qc7 Qe7 25. Qxb7 Qxb7 26. Bxb7 Rxd1 27.
Rxd1 a5 28. b4 axb4 29. a5 Bd8 30. a6 Bb6 31. g4 Re2 32. g5 Rxc2 33. Rd6 Bc5
34. Rd7 Rc1+ 35. Kg2 Rg1+ 36. Kf3 b3 37. Be4 Rf1+ 38. Ke2 Ra1 39. Bd5 b2 40.
Rxf7+ Kh8 41. Rc7 Re1+ 42. Kf3 Rf1+ 43. Kg4 b1=Q 0-1

[Event "Open Marianske Lazne 2018 - A + B"]
[Site "?"]
[Date "2018.01.22"]
[Round "3"]
[White "Plischki, Sebastian"]
[Black "Navrodskiy, Boris"]
[Result "1/2-1/2"]
[WhiteElo "2395"]
[BlackElo "2101"]
[PlyCount "66"]
[EventDate "2018.??.??"]

1. d4 d5 2. c4 e6 3. Nf3 Nf6 4. Nc3 Be7 5. Bf4 O-O 6. e3 c5 7. dxc5 Bxc5 8.
cxd5 Nxd5 9. Nxd5 exd5 10. a3 Nc6 11. Bd3 Bb6 12. O-O Qf6 13. b4 h6 14. b5 Nd4
15. Nxd4 Bxd4 16. Rc1 Bb2 17. Rc5 Bxa3 18. Rxd5 Be6 19. Rd4 Rfd8 20. Be4 Bc4
21. Bxb7 Rxd4 22. Qxd4 Qxd4 23. exd4 Bxf1 24. Bxa8 Bxb5 25. d5 Kf8 26. Bc6 a6
27. Bxb5 axb5 28. Kf1 Ke7 29. Ke2 Bd6 30. Bd2 Bc5 31. Bf4 Bd6 32. Bd2 Bc5 33.
Bf4 Bd6 1/2-1/2

[Event "Open Marianske Lazne 2018 - A + B"]
[Site "?"]
[Date "2018.01.22"]
[Round "3"]
[White "Kochukova, Anna"]
[Black "Varitski, Igor"]
[Result "1-0"]
[WhiteElo "2110"]
[BlackElo "2246"]
[PlyCount "93"]
[EventDate "2018.??.??"]

1. e4 c6 2. c4 d5 3. exd5 cxd5 4. cxd5 Nf6 5. Nc3 Nxd5 6. Nf3 Nxc3 7. bxc3 Qc7
8. Qb3 e6 9. d4 Nd7 10. Bd3 Bd6 11. O-O O-O 12. Bg5 b6 13. Be4 Bb7 14. Bxb7
Qxb7 15. Rfe1 Rac8 16. a4 Qc6 17. Qb5 Rc7 18. Rac1 Ba3 19. Rc2 Rfc8 20. Qb3 Bd6
21. c4 h6 22. Bh4 a6 23. Nd2 Bf4 24. Ne4 Rb7 25. Bg3 Bxg3 26. hxg3 e5 27. d5
Qc7 28. Qa3 Nc5 29. Nxc5 bxc5 30. Rb2 Rcb8 31. Reb1 Rxb2 32. Rxb2 Re8 33. a5 e4
34. Qa4 Qe5 35. Rb3 Kh7 36. Qd7 Re7 37. Qc8 Qa1+ 38. Kh2 Re5 39. g4 Qd1 40. Rb8
e3 41. Qg8+ Kg6 42. Rb6+ f6 43. Rb7 Kg5 44. Qxg7+ Kf4 45. Qxh6+ Rg5 46. Qxf6+
Ke4 47. Re7+ 1-0

[Event "Open Marianske Lazne 2018 - A + B"]
[Site "?"]
[Date "2018.01.22"]
[Round "3"]
[White "Raahul, V S."]
[Black "Kubicka, Anna"]
[Result "0-1"]
[WhiteElo "2205"]
[BlackElo "2256"]
[PlyCount "46"]
[EventDate "2018.??.??"]

1. c4 e5 2. Nc3 Bb4 3. Nd5 a5 4. Nf3 e4 5. Nxb4 axb4 6. Nd4 d5 7. Qc2 Nf6 8.
cxd5 Qxd5 9. Qxc7 Na6 10. Qg3 Qxd4 11. e3 Qb6 12. Qxg7 Rg8 13. Qh6 Nc5 14. g3
b3 15. a4 Rxa4 16. Rxa4 Nxa4 17. Bg2 Qa6 18. Qf4 Qc4 19. Qxf6 Qxc1+ 20. Ke2
Qc4+ 21. Ke1 Be6 22. f3 Qc1+ 23. Ke2 Bc4+ 0-1

[Event "Open Marianske Lazne 2018 - A + B"]
[Site "?"]
[Date "2018.01.22"]
[Round "3"]
[White "Turner, Jan"]
[Black "Solozhenkin, Evgeniy"]
[Result "0-1"]
[WhiteElo "2368"]
[BlackElo "2451"]
[PlyCount "64"]
[EventDate "2018.??.??"]

1. b3 d5 2. Bb2 Bg4 3. f3 Bf5 4. e4 dxe4 5. Qe2 exf3 6. Qb5+ Bd7 7. Qxb7 Bc6 8.
Bb5 Bxb5 9. Qxb5+ c6 10. Qf1 fxg2 11. Qxg2 Qd5 12. Nf3 Qe4+ 13. Kd1 Nf6 14.
Bxf6 gxf6 15. Nc3 Qb4 16. Re1 e6 17. Re4 Qb7 18. Qh3 Nd7 19. Qh5 Nc5 20. Rc4 f5
21. Kc1 Nd7 22. Kb2 Nb6 23. Rd4 Bg7 24. Rd3 Na4+ 25. Kc1 Nc5 26. Re3 Ne4 27.
Nxe4 fxe4 28. Ne5 O-O-O 29. Rxe4 Rd5 30. Qe2 Rhd8 31. c3 f5 32. Re3 Rxd2 0-1

[Event "Open Marianske Lazne 2018 - A + B"]
[Site "?"]
[Date "2018.01.22"]
[Round "3"]
[White "Jurek, Josef"]
[Black "Csiki, Endre"]
[Result "1/2-1/2"]
[WhiteElo "2260"]
[BlackElo "2093"]
[PlyCount "52"]
[EventDate "2018.??.??"]

1. Nf3 b6 2. g3 Bb7 3. Bg2 g6 4. O-O Bg7 5. c4 Nf6 6. Nc3 O-O 7. d4 Ne4 8. Nxe4
Bxe4 9. Bd2 c5 10. Bc3 d6 11. Qd2 Nd7 12. d5 Bxc3 13. Qxc3 b5 14. b3 bxc4 15.
bxc4 Rb8 16. Nd2 Bxg2 17. Kxg2 a5 18. Rfb1 Qc7 19. Rb3 a4 20. Rbb1 Rxb1 21.
Rxb1 Rb8 22. Rxb8+ Qxb8 23. a3 Qb7 24. e4 Qb6 25. Kf1 Qc7 26. Ke2 Nf6 1/2-1/2

[Event "Open Marianske Lazne 2018 - A + B"]
[Site "?"]
[Date "2018.01.22"]
[Round "3"]
[White "Lee, Qing Aun"]
[Black "Chudinovskikh, Alexander M"]
[Result "1-0"]
[WhiteElo "2277"]
[BlackElo "2225"]
[PlyCount "93"]
[EventDate "2018.??.??"]

1. e4 e5 2. Nf3 d6 3. d4 exd4 4. Nxd4 Nf6 5. Nc3 Be7 6. Be2 O-O 7. f4 Nc6 8.
Be3 Re8 9. O-O Bf8 10. Bf3 Bd7 11. Qd2 g6 12. Rae1 Bg7 13. Bf2 Nxd4 14. Bxd4 c5
15. Bxf6 Bxf6 16. Nd5 Bd4+ 17. Kh1 Bb5 18. Be2 Bc6 19. Bc4 b5 20. Bb3 Bg7 21.
c3 c4 22. Bc2 Bxd5 23. Qxd5 Qb6 24. f5 Qc5 25. fxg6 Qxd5 26. gxh7+ Kxh7 27.
exd5+ Kg8 28. h4 Rxe1 29. Rxe1 Kf8 30. g4 Re8 31. Rxe8+ Kxe8 32. Kg2 Be5 33.
Kf3 f6 34. Bf5 b4 35. cxb4 Bxb2 36. a4 Bc3 37. b5 Be1 38. h5 Ba5 39. Ke4 Bb6
40. Bg6+ Ke7 41. h6 Kf8 42. Kf5 Be3 43. h7 Kg7 44. Ke6 Bc5 45. Bf5 Bb4 46. Kd7
c3 47. Kc6 1-0

[Event "Open Marianske Lazne 2018 - A + B"]
[Site "?"]
[Date "2018.01.22"]
[Round "3"]
[White "Pisk, Petr"]
[Black "Sivakumar, Ashvin"]
[Result "1-0"]
[WhiteElo "2333"]
[BlackElo "2208"]
[PlyCount "103"]
[EventDate "2018.??.??"]

1. e4 e5 2. Nf3 Nc6 3. Bb5 a6 4. Bxc6 dxc6 5. O-O f6 6. d4 exd4 7. Nxd4 c5 8.
Ne2 Qxd1 9. Rxd1 Bd7 10. Nbc3 O-O-O 11. Be3 Bd6 12. Bf4 Bc6 13. Rd2 g5 14. Bg3
Ne7 15. Rad1 Bxg3 16. Rxd8+ Rxd8 17. Nxg3 Rxd1+ 18. Nxd1 Kd7 19. Ne3 Ke6 20. f3
Be8 21. Ngf5 Nxf5 22. Nxf5 Ke5 23. Kf2 h5 24. Ke3 Bg6 25. Ng3 b5 26. Ne2 b4 27.
g3 a5 28. h4 gxh4 29. gxh4 Bf7 30. a3 Be8 31. Nf4 c4 32. axb4 axb4 33. Nd5 Ba4
34. Nxb4 c5 35. Nd5 Bxc2 36. Nf4 f5 37. exf5 Bxf5 38. Nxh5 Kd5 39. Ng3 Bh7 40.
Ne4 Kc6 41. h5 Kb5 42. Kd2 Kb4 43. Kc1 Bf5 44. h6 Bg6 45. Nf6 c3 46. h7 cxb2+
47. Kxb2 Bxh7 48. Nxh7 Kc4 49. f4 Kd4 50. Ng5 c4 51. Kc2 c3 52. Nh3 1-0

[Event "Open Marianske Lazne 2018 - A + B"]
[Site "?"]
[Date "2018.01.22"]
[Round "3"]
[White "Vulfson, Vladimir"]
[Black "Frolov, Artur"]
[Result "1/2-1/2"]
[WhiteElo "2401"]
[BlackElo "2407"]
[PlyCount "136"]
[EventDate "2018.??.??"]

1. d4 Nf6 2. c4 c5 3. d5 e5 4. Nc3 d6 5. e4 g6 6. h3 h5 7. Bd3 h4 8. Bc2 Bh6 9.
Bxh6 Rxh6 10. Qd2 Rh7 11. f4 exf4 12. Nf3 Nh5 13. O-O-O Nd7 14. e5 Nxe5 15.
Rhe1 Kf8 16. Nxe5 dxe5 17. Rxe5 Qd6 18. Rde1 Bd7 19. Bd1 f6 20. Re6 Bxe6 21.
Rxe6 Qd8 22. Qd3 f5 23. Rxg6 Ng7 24. Ne2 Qe7 25. Nxf4 Qe4 26. Qxe4 fxe4 27. Bc2
Re8 28. Rg4 Kf7 29. Kd2 Rh6 30. Ne2 e3+ 31. Ke1 Re5 32. Ng1 Reh5 33. Nf3 Ne8
34. Ke2 Nd6 35. Kxe3 b5 36. cxb5 Rxd5 37. Ra4 Re6+ 38. Kf2 Kf6 39. Rxh4 c4 40.
a4 Re7 41. Rh6+ Kg7 42. Rg6+ Kf7 43. Rg4 Rb7 44. Be4 Nxe4+ 45. Rxe4 a6 46. Rxc4
axb5 47. Rb4 Ke8 48. Kg1 Rf7 49. axb5 Rff5 50. Re4+ Kd7 51. Nd4 Rfe5 52. Rf4
Re1+ 53. Kf2 Rb1 54. b3 Rb2+ 55. Kf3 Rd2 56. Nf5 R5d3+ 57. Ne3 Rxb3 58. Re4
Rxb5 59. g4 Rh2 60. Kg3 Rhb2 61. h4 R2b4 62. Nc4 Kc6 63. h5 Kd5 64. Kf4 Rxc4
65. Rxc4 Kxc4 66. h6 Rb1 67. g5 Rh1 68. Kf5 Kd4 1/2-1/2

[Event "Open Marianske Lazne 2018 - A + B"]
[Site "?"]
[Date "2018.01.22"]
[Round "3"]
[White "Voinikonis, Nikita"]
[Black "Chkhaidze, Nikoloz"]
[Result "0-1"]
[WhiteElo "2218"]
[BlackElo "2306"]
[PlyCount "88"]
[EventDate "2018.??.??"]

1. e4 e5 2. Nf3 Nc6 3. Bb5 Nf6 4. Nc3 Bb4 5. O-O O-O 6. Bxc6 dxc6 7. d3 Bxc3 8.
bxc3 Re8 9. h3 c5 10. Be3 b6 11. Nh2 c4 12. f4 exf4 13. Bxf4 cxd3 14. cxd3 Ba6
15. Rf3 Nd7 16. Ng4 Nc5 17. Nf2 Qd7 18. Qc2 Ne6 19. Be3 c5 20. Rd1 Rad8 21. Qb2
h6 22. Qa3 Qb7 23. Rg3 Kh7 24. d4 Be2 25. Re1 Bh5 26. d5 Qc7 27. Kh2 Nf8 28. c4
Ng6 29. Bc1 f5 30. Kg1 f4 31. Rb3 f3 32. Nh1 fxg2 33. Ng3 Re5 34. Nf5 Rde8 35.
Rbe3 Nf4 36. Bb2 Nxh3+ 37. Kxg2 Nf4+ 38. Kf2 Nh3+ 39. Rxh3 Rxf5+ 40. exf5 Qf4+
41. Kg2 Qd2+ 42. Kg3 Qxe1+ 43. Kf4 Qf2+ 44. Rf3 Qh4# 0-1

[Event "Open Marianske Lazne 2018 - A + B"]
[Site "?"]
[Date "2018.01.23"]
[Round "4"]
[White "Kulkarni, Bhakti"]
[Black "Miesbauer, Jan"]
[Result "1-0"]
[WhiteElo "2306"]
[BlackElo "2276"]
[PlyCount "81"]
[EventDate "2018.??.??"]

1. d4 Nf6 2. c4 d6 3. Nc3 Nbd7 4. Nf3 e5 5. e4 Be7 6. Be2 O-O 7. O-O c6 8. Re1
Qe8 9. b3 Bd8 10. dxe5 dxe5 11. Ba3 Be7 12. Bd6 Bxd6 13. Qxd6 h6 14. c5 Nh7 15.
Bc4 Ng5 16. Nh4 Kh7 17. Nf5 Nf6 18. h4 Ne6 19. Qxe5 Nd7 20. Qg3 g6 21. Nd6 Qe7
22. b4 Nf6 23. Nxc8 Raxc8 24. Rad1 Rcd8 25. e5 Nh5 26. Qg4 Rxd1 27. Rxd1 Nef4
28. Re1 Rd8 29. Re4 Nd3 30. Qe2 Ndf4 31. Qf3 Ne6 32. g3 a5 33. a3 Nhg7 34. Qf6
Qc7 35. Bxe6 Nxe6 36. h5 g5 37. Rc4 axb4 38. axb4 Ng7 39. Ne4 Qd7 40. Nd6 Qh3
41. Qxd8 1-0

[Event "Open Marianske Lazne 2018 - A + B"]
[Site "?"]
[Date "2018.01.23"]
[Round "4"]
[White "Chernyshov, Konstantin"]
[Black "Lizak, Peter"]
[Result "1-0"]
[WhiteElo "2480"]
[BlackElo "2458"]
[PlyCount "99"]
[EventDate "2018.??.??"]

1. d4 Nf6 2. Nf3 c5 3. c3 d5 4. Bf4 Nc6 5. e3 Qb6 6. Qb3 c4 7. Qc2 Bf5 8. Qc1
Nh5 9. Bg3 Nxg3 10. hxg3 h6 11. Nbd2 e6 12. Be2 Bd6 13. Bd1 e5 14. dxe5 Bxe5
15. Ba4 Bf6 16. O-O O-O 17. Bc2 Be6 18. Nd4 Bg4 19. N2f3 Rfe8 20. b3 cxb3 21.
axb3 Rac8 22. Qd2 g6 23. Bd3 a6 24. b4 Kg7 25. Rfb1 Bxf3 26. gxf3 Ne5 27. Be2
Nc4 28. Bxc4 Rxc4 29. Ra5 Rec8 30. Rxd5 Rxc3 31. Rd6 Rc1+ 32. Rxc1 Rxc1+ 33.
Kg2 Qxd6 34. Nf5+ gxf5 35. Qxd6 Rc6 36. Qd7 Rb6 37. Qxf5 Rxb4 38. e4 Rb5 39.
Qg4+ Kf8 40. f4 Be7 41. Qc8+ Kg7 42. e5 Bf8 43. Qg4+ Kh8 44. Qd7 Kg8 45. e6
fxe6 46. Qxe6+ Kh8 47. f5 Rc5 48. Qf7 Bg7 49. f6 Rg5 50. f4 1-0

[Event "Open Marianske Lazne 2018 - A + B"]
[Site "?"]
[Date "2018.01.23"]
[Round "4"]
[White "Pacher, Milan"]
[Black "Popov, Mikhail"]
[Result "0-1"]
[WhiteElo "2444"]
[BlackElo "2416"]
[PlyCount "84"]
[EventDate "2018.??.??"]

1. e4 e6 2. d4 d5 3. Nc3 Bb4 4. exd5 exd5 5. Bd3 Nc6 6. a3 Bxc3+ 7. bxc3 Nge7
8. Qh5 Be6 9. Nf3 Qd7 10. Ng5 O-O-O 11. O-O Bg4 12. Qxf7 Rdf8 13. Qxg7 h6 14.
Nh7 Rfg8 15. Qf7 Bh3 16. g3 Bxf1 17. Nf6 Bxd3 18. Nxd7 Bg6 19. Qe6 Bf5 20. Nb6+
Kd8 21. Qf6 Rf8 22. Qh4 axb6 23. c4 Be4 24. Bb2 Rh7 25. Re1 Rhf7 26. f4 Kc8 27.
Qxh6 Kb8 28. Rxe4 dxe4 29. d5 Nf5 30. Qe6 Na5 31. Qxe4 Nd6 32. Qg6 Naxc4 33.
Bc3 Re7 34. Bb4 Re2 35. h4 Rfe8 36. h5 Nd2 37. Qd3 R8e3 38. Qg6 Nf3+ 39. Kf1
Nh2+ 40. Kg1 Nf3+ 41. Kf1 Nh2+ 42. Kg1 Rf3 0-1

[Event "Open Marianske Lazne 2018 - A + B"]
[Site "?"]
[Date "2018.01.23"]
[Round "4"]
[White "Chekletsov, Ilya"]
[Black "Liu, Yi"]
[Result "1-0"]
[WhiteElo "2373"]
[BlackElo "2337"]
[PlyCount "187"]
[EventDate "2018.??.??"]

1. d4 d5 2. c4 e6 3. Nf3 Nf6 4. g3 dxc4 5. Bg2 a6 6. a4 Nc6 7. O-O Rb8 8. a5 b5
9. axb6 cxb6 10. Bf4 Bd6 11. Ne5 Ne7 12. Bc6+ Kf8 13. Bf3 Qc7 14. e4 Bb7 15.
Qe2 b5 16. Rc1 Nd7 17. Nxd7+ Qxd7 18. Be3 f5 19. exf5 exf5 20. Bxb7 Qxb7 21. d5
Kf7 22. Bd4 Rhd8 23. Qe6+ Kf8 24. Rd1 Qd7 25. Qe3 Ra8 26. Nc3 Ng6 27. Qg5 Qf7
28. h4 h6 29. Qe3 Re8 30. Qf3 Ne5 31. Bxe5 Bxe5 32. d6 b4 33. d7 Red8 34. Na4
Ra7 35. Qe3 Bb8 36. Nc5 Kg8 37. Re1 Kh7 38. Rad1 Rc7 39. Ne6 Rdxd7 40. Nxc7
Bxc7 41. Rxd7 Qxd7 42. Qc5 f4 43. Qxc4 fxg3 44. Qe4+ Kh8 45. fxg3 Bxg3 46. Rf1
Bd6 47. Kg2 Bc5 48. Re1 a5 49. b3 Qd6 50. Re2 Qf6 51. Qd5 Qg6+ 52. Kh3 Bf8 53.
Re6 Qg1 54. Qf3 Qc5 55. Re2 Qc8+ 56. Kg2 Bd6 57. Qe4 Qc5 58. Qd3 Qc6+ 59. Qf3
Qd7 60. Rd2 Qe6 61. Re2 Qg6+ 62. Kh3 h5 63. Re3 Kh7 64. Re2 Bc7 65. Re1 Bd6 66.
Re3 Kh6 67. Re1 Kh7 68. Qe4 Qxe4 69. Rxe4 Bc7 70. Re7 Bd8 71. Rd7 Bb6 72. Kg3
Be3 73. Kf3 Bc1 74. Ke4 Kh6 75. Rd6+ g6 76. Ra6 Bd2 77. Rxa5 Be1 78. Rb5 Kg7
79. Ke5 Bc3+ 80. Ke6 Be1 81. Rb7+ Kh6 82. Kf7 Kh7 83. Kf8+ Kh6 84. Kf7 Bxh4 85.
Rxb4 g5 86. Rb6+ Kh7 87. Rg6 g4 88. b4 Bf2 89. b5 g3 90. b6 Bxb6 91. Rxb6 h4
92. Rg6 g2 93. Rxg2 Kh6 94. Kf6 1-0

[Event "Open Marianske Lazne 2018 - A + B"]
[Site "?"]
[Date "2018.01.23"]
[Round "4"]
[White "Yurtseven, Melih"]
[Black "Plat, Vojtech"]
[Result "1/2-1/2"]
[WhiteElo "2404"]
[BlackElo "2569"]
[PlyCount "64"]
[EventDate "2018.??.??"]

1. Nf3 c5 2. c4 g6 3. Nc3 Bg7 4. e3 Nf6 5. d4 cxd4 6. exd4 d5 7. Qb3 O-O 8.
cxd5 Nbd7 9. Be2 Nb6 10. h3 Nfxd5 11. Ne4 Nc7 12. O-O Be6 13. Qb4 Bd5 14. Nc3
Na6 15. Qb5 Bc6 16. Qg5 Nb4 17. Rd1 Bxf3 18. Bxf3 Nc2 19. Rb1 Nxd4 20. Bxb7 Rb8
21. Ba6 Na4 22. Be3 Nxc3 23. bxc3 Ne6 24. Qh4 Rxb1 25. Rxb1 Bxc3 26. Qa4 Qd6
27. Bxa7 Bd4 28. Bxd4 Nxd4 29. Bf1 Rc8 30. Qb4 Qf6 31. Qb6 Qe5 32. Qb7 Rc2
1/2-1/2

[Event "Open Marianske Lazne 2018 - A + B"]
[Site "?"]
[Date "2018.01.23"]
[Round "4"]
[White "Obolentseva, Alexandra"]
[Black "Nguyen, Thai Dai Van"]
[Result "1/2-1/2"]
[WhiteElo "2315"]
[BlackElo "2510"]
[PlyCount "233"]
[EventDate "2018.??.??"]

1. d4 d5 2. c4 e6 3. Nc3 Bb4 4. Nf3 dxc4 5. e3 b5 6. a4 c6 7. Bd2 a5 8. axb5
Bxc3 9. Bxc3 cxb5 10. b3 Bb7 11. bxc4 b4 12. Bb2 Nf6 13. Bd3 O-O 14. Rb1 Nbd7
15. Ba1 Qc7 16. O-O Rfd8 17. Qe2 Ne4 18. Nd2 Nxd2 19. Qxd2 f5 20. Qc2 Nf6 21.
f3 Rac8 22. Rfc1 Qe7 23. Qe2 Bc6 24. Rf1 Qb7 25. Rbe1 b3 26. e4 Rb8 27. Bc3
fxe4 28. fxe4 b2 29. e5 Ne4 30. Qc2 Qb3 31. Rxe4 Qxc2 32. Bxc2 Bxe4 33. Bxe4 a4
34. d5 exd5 35. cxd5 a3 36. Bb1 Rbc8 37. Bb4 Rc1 38. Bxa3 Rxd5 39. Ba2 Rxf1+
40. Kxf1 b1=Q+ 41. Bxb1 Rd1+ 42. Kf2 Rxb1 43. Bd6 Kf7 44. Kg3 Ke6 45. h3 Kf5
46. Bc7 Rb3+ 47. Kh2 h5 48. Bd6 g5 49. Bc7 Rb1 50. Bd6 h4 51. Bc7 Re1 52. Bd6
Ke6 53. Bc7 Kd5 54. Bd6 Kc4 55. Bb8 Kd3 56. Bd6 Re4 57. Bc7 Ke2 58. Kg1 Re3 59.
Bd6 Re4 60. Bc7 Rd4 61. Bb6 Rd1+ 62. Kh2 Rd5 63. Bc7 Kf1 64. e6 Rd2 65. Kh1
Rxg2 66. Bd8 Rg1+ 67. Kh2 Rg2+ 68. Kh1 Re2 69. Bxg5 Rxe6 70. Bxh4 Rh6 71. Bg3
Rxh3+ 72. Bh2 Rf3 73. Bd6 Kf2 74. Bc5+ Kg3 75. Bd6+ Kh3 76. Bc5 Rc3 77. Bd4
Rc1+ 78. Bg1 Rc2 79. Bd4 Rh2+ 80. Kg1 Rd2 81. Bb6 Rg2+ 82. Kh1 Kg3 83. Bc7+ Kf3
84. Bb6 Rg6 85. Ba7 Rh6+ 86. Kg1 Ra6 87. Bd4 Rd6 88. Bc5 Rg6+ 89. Kh1 Kg3 90.
Bd4 Re6 91. Ba7 Re8 92. Bb6 Re7 93. Bc5 Rd7 94. Bb6 Rh7+ 95. Kg1 Rb7 96. Bf2+
Kf3 97. Bd4 Rd7 98. Bc5 Ke2 99. Bb6 Rg7+ 100. Kh1 Kf1 101. Kh2 Rg2+ 102. Kh3
Rb2 103. Bd4 Rb4 104. Bc5 Rc4 105. Bb6 Rc6 106. Bd4 Ke2 107. Kg2 Rg6+ 108. Kh1
Kf3 109. Kh2 Rh6+ 110. Kg1 Rd6 111. Bc5 Rd5 112. Bb6 Rb5 113. Bd4 Kg3 114. Bf2+
Kg4 115. Kg2 Rb2 116. Kg1 Kf3 117. Bd4 1/2-1/2

[Event "Open Marianske Lazne 2018 - A + B"]
[Site "?"]
[Date "2018.01.23"]
[Round "4"]
[White "Janik, Igor"]
[Black "Sari, Yasin"]
[Result "1-0"]
[WhiteElo "2411"]
[BlackElo "2309"]
[PlyCount "87"]
[EventDate "2018.??.??"]

1. e4 c6 2. d4 d5 3. e5 Bf5 4. Nd2 e6 5. Nb3 c5 6. dxc5 Bxc5 7. Nxc5 Qa5+ 8. c3
Qxc5 9. Nf3 Ne7 10. Nd4 O-O 11. Be3 Qc7 12. f4 a6 13. Be2 Nbc6 14. O-O Nxd4 15.
Qxd4 Be4 16. Qd2 Rfd8 17. Bf3 Nf5 18. Rad1 Bxf3 19. Rxf3 h5 20. Bf2 Rac8 21.
Rd3 b5 22. h3 h4 23. Ra1 Qe7 24. b3 Rc6 25. a4 Rdc8 26. axb5 axb5 27. Ra7 R6c7
28. Rxc7 Qxc7 29. Qe1 Qd8 30. Kh2 Kh7 31. Qa1 Ra8 32. Qd1 Ra2 33. Be1 Qa8 34.
Qf3 g6 35. Rd1 Qa7 36. Qg4 Qe3 37. Bxh4 Qxc3 38. Bf6 Rf2 39. Rg1 Qd2 40. Ra1
Rxf4 41. Ra8 Ng7 42. Qg5 Rd4 43. Qxd2 Rxd2 44. Rf8 1-0

[Event "Open Marianske Lazne 2018 - A + B"]
[Site "?"]
[Date "2018.01.23"]
[Round "4"]
[White "Yeritsyan, Aram"]
[Black "Low, Zhen Yu Cyrus"]
[Result "1-0"]
[WhiteElo "2309"]
[BlackElo "2437"]
[PlyCount "85"]
[EventDate "2018.??.??"]

1. e4 e5 2. Bc4 Nf6 3. d3 c6 4. Nf3 d5 5. Bb3 a5 6. a4 Bb4+ 7. c3 Bd6 8. exd5
cxd5 9. Bg5 Be6 10. O-O O-O 11. Na3 Nbd7 12. Nb5 Bb8 13. Nd2 Re8 14. Re1 Ra6
15. Nf1 h6 16. Bh4 Nf8 17. Bg3 Ng6 18. Ne3 Qd7 19. Qf3 Nh7 20. Qh5 Rd8 21. d4
Nf6 22. Qd1 e4 23. Bxb8 Rxb8 24. c4 dxc4 25. Bxc4 Bxc4 26. Nxc4 Nh4 27. Ne5 Qf5
28. Ra3 Rd8 29. Rae3 Re6 30. Qc2 Nd5 31. Rxe4 Nf4 32. Qc7 Rf8 33. Nd6 Qg5 34.
g3 Nh3+ 35. Kf1 Qf6 36. R1e2 Ng6 37. Ndc4 Qf5 38. Qxb7 Nxe5 39. Nxe5 f6 40. g4
Qg5 41. Qb3 Rfe8 42. Nf3 Qc1+ 43. Re1 1-0

[Event "Open Marianske Lazne 2018 - A + B"]
[Site "?"]
[Date "2018.01.23"]
[Round "4"]
[White "Srinath, Rao S V"]
[Black "Stefansson, Hannes"]
[Result "1-0"]
[WhiteElo "2270"]
[BlackElo "2523"]
[PlyCount "77"]
[EventDate "2018.??.??"]

1. e4 e5 2. Nf3 Nc6 3. Bc4 Bc5 4. c3 Nf6 5. d3 O-O 6. O-O d5 7. exd5 Nxd5 8.
Re1 Bg4 9. Nbd2 Nb6 10. Ne4 Bd6 11. Bb3 Qd7 12. Be3 Rad8 13. h3 Be6 14. d4 Bxb3
15. axb3 exd4 16. Nxd4 Nd5 17. Nxc6 Nxe3 18. Rxe3 Qxc6 19. Qf3 Be7 20. b4 Qb6
21. Ra5 Rd7 22. Re5 Rfd8 23. Nc5 Rd1+ 24. Kh2 Bf8 25. Nxb7 R8d2 26. Re8 g6 27.
R3e7 f5 28. Ra8 Qxf2 29. Qxf2 Rxf2 30. Nc5 Rfd2 31. Ree8 Rb1 32. Rxf8+ Kg7 33.
Rad8 Re2 34. Rfe8 Rexb2 35. Rd7+ Kh6 36. Ree7 Kg5 37. Ne6+ Kf6 38. Nxc7 Rc1 39.
h4 1-0

[Event "Open Marianske Lazne 2018 - A + B"]
[Site "?"]
[Date "2018.01.23"]
[Round "4"]
[White "Neuman, Petr"]
[Black "Stocek, Jiri"]
[Result "1/2-1/2"]
[WhiteElo "2452"]
[BlackElo "2566"]
[PlyCount "51"]
[EventDate "2018.??.??"]

1. d4 Nf6 2. Bg5 e6 3. c3 h6 4. Bh4 c5 5. e3 cxd4 6. Bxf6 Qxf6 7. cxd4 Bb4+ 8.
Nd2 b6 9. Qf3 Qxf3 10. Ngxf3 Bb7 11. a3 Bd6 12. Bd3 Nc6 13. Ke2 Rc8 14. Rhc1
Ke7 15. g3 g5 16. h3 Bb8 17. b4 f5 18. Nc4 Rhd8 19. b5 Na5 20. Nxa5 bxa5 21.
Ne5 Bxe5 22. dxe5 Bg2 23. h4 gxh4 24. gxh4 Bd5 25. Kd2 Kf7 26. Rab1 1/2-1/2

[Event "Open Marianske Lazne 2018 - A + B"]
[Site "?"]
[Date "2018.01.23"]
[Round "4"]
[White "Pena Gomez, Manuel"]
[Black "Rosko, Lubos"]
[Result "0-1"]
[WhiteElo "2491"]
[BlackElo "2301"]
[PlyCount "110"]
[EventDate "2018.??.??"]

1. g3 g6 2. Bg2 Bg7 3. c4 c5 4. Nc3 Nc6 5. e4 e5 6. Nge2 Nge7 7. O-O d6 8. d3
O-O 9. a3 f5 10. Rb1 h6 11. exf5 Bxf5 12. b4 Rb8 13. Ne4 b6 14. N2c3 Nd4 15. h3
Qd7 16. Kh2 g5 17. Be3 g4 18. hxg4 Bxg4 19. f3 Be6 20. Qd2 Nef5 21. Bf2 Ne7 22.
Be3 Nef5 23. Bf2 Ne7 24. Qd1 Rbd8 25. Be3 Nef5 26. Bd2 Qf7 27. f4 Qg6 28. Nd5
Bxd5 29. cxd5 Ne7 30. Bh3 exf4 31. gxf4 Kh7 32. Rg1 Qf7 33. Qg4 Rg8 34. Rbf1
Ndf5 35. Qf3 Bd4 36. Rg4 Rxg4 37. Bxg4 Qxd5 38. Qh3 Rg8 39. Re1 Rg6 40. Ng3 Rf6
41. Ne4 Rg6 42. Bh5 Rg7 43. Bf3 Qa2 44. Bg4 Qd5 45. Ng5+ Kh8 46. Qh5 Qa2 47.
Re2 Qb1 48. Be1 Qxd3 49. Bxf5 Qxf5 50. Qxh6+ Kg8 51. Qxd6 Rh7+ 52. Nxh7 Qh5+
53. Bh4 Qxh4+ 54. Kg2 Qg4+ 55. Kh1 Qh3+ 0-1

[Event "Open Marianske Lazne 2018 - A + B"]
[Site "?"]
[Date "2018.01.23"]
[Round "4"]
[White "Kubicka, Anna"]
[Black "Siekanski, Janusz"]
[Result "0-1"]
[WhiteElo "2256"]
[BlackElo "2272"]
[PlyCount "70"]
[EventDate "2018.??.??"]

1. e4 c5 2. Nf3 e6 3. d4 cxd4 4. Nxd4 Nf6 5. Nc3 d6 6. g4 Nc6 7. g5 Nd7 8. Be3
Be7 9. h4 O-O 10. Qd2 Nde5 11. Be2 Nxd4 12. Qxd4 Nc6 13. Qd2 Qa5 14. O-O-O Rb8
15. Kb1 b5 16. Bd3 Bd7 17. f4 Rfc8 18. Ne2 Qxd2 19. Rxd2 a6 20. Ng3 Na5 21. Rf2
Nc4 22. Bc1 Bc6 23. Rhf1 d5 24. e5 Bc5 25. Re2 d4 26. h5 Ne3 27. Bxe3 dxe3 28.
Be4 Bd5 29. g6 hxg6 30. hxg6 fxg6 31. Bxg6 Bc4 32. Bd3 Rd8 33. Ne4 Rxd3 34.
Nxc5 Rd5 35. Nd3 Rxd3 0-1

[Event "Open Marianske Lazne 2018 - A + B"]
[Site "?"]
[Date "2018.01.23"]
[Round "4"]
[White "Varitski, Igor"]
[Black "Raahul, V S."]
[Result "0-1"]
[WhiteElo "2246"]
[BlackElo "2205"]
[PlyCount "120"]
[EventDate "2018.??.??"]

1. e4 e5 2. Nf3 Nc6 3. Bc4 Nf6 4. d3 h6 5. c3 d6 6. Nbd2 g6 7. O-O Bg7 8. d4
O-O 9. dxe5 Nxe5 10. Nxe5 dxe5 11. a4 Nh5 12. g3 Qe7 13. b3 Rd8 14. Qe2 Bh3 15.
Re1 Qg5 16. Nf3 Qg4 17. Nh4 Qxe2 18. Bxe2 Nf6 19. f3 Be6 20. b4 a5 21. Be3 Ne8
22. b5 Nd6 23. b6 c6 24. Red1 Bc4 25. Kf2 Bxe2 26. Kxe2 Nc4 27. Bc5 Bf8 28. Bf2
Be7 29. Ng2 Rxd1 30. Rxd1 Rd8 31. Ne3 Nb2 32. Ra1 h5 33. Ra2 Nd3 34. Rc2 Nxf2
35. Kxf2 Bc5 36. Ke2 Bxe3 37. Kxe3 Rd1 38. c4 Ra1 39. Rd2 Rxa4 40. Rd8+ Kg7 41.
Kd3 Rb4 42. c5 Rb5 43. Kc4 Rb1 44. Rd7 Rc1+ 45. Kb3 Rxc5 46. Rxb7 Rb5+ 47. Ka4
Kf6 48. Rb8 Ke6 49. h4 Kd6 50. Rb7 f5 51. Rg7 fxe4 52. fxe4 Rxb6 53. Rxg6+ Kc5
54. Rg5 Kd4 55. Rxh5 c5 56. g4 c4 57. Rh8 Rc6 58. g5 c3 59. Rh6 Rc8 60. Rd6+
Ke3 0-1

[Event "Open Marianske Lazne 2018 - A + B"]
[Site "?"]
[Date "2018.01.23"]
[Round "4"]
[White "Navrodskiy, Boris"]
[Black "Kochukova, Anna"]
[Result "1-0"]
[WhiteElo "2101"]
[BlackElo "2110"]
[PlyCount "87"]
[EventDate "2018.??.??"]

1. d4 d5 2. Nf3 Nf6 3. c4 dxc4 4. Nc3 a6 5. e4 b5 6. e5 Nd5 7. a4 e6 8. axb5
Bb4 9. Bd2 Nb6 10. bxa6 Rxa6 11. Rc1 Bb7 12. Ne4 Bxd2+ 13. Nexd2 Bxf3 14. Nxf3
Ra2 15. Qc2 O-O 16. Be2 Qd5 17. O-O c5 18. Rfd1 h6 19. Qb1 Ra7 20. b3 c3 21.
Rxc3 cxd4 22. Rxd4 Qa8 23. Rc1 Nd5 24. Rh4 Nc3 25. Qb2 Nxe2+ 26. Qxe2 Ra2 27.
Qd3 Qa7 28. Rf1 Rc8 29. g4 Rc1 30. Qd8+ Kh7 31. Ng5+ Kg6 32. Qd3+ f5 33. exf6+
Kxg5 34. Rh5+ Kxf6 35. Qf3+ Ke7 36. Rxc1 Ra1 37. Rxa1 Qxa1+ 38. Kg2 Qd4 39. Rb5
Nd7 40. Rb7 g6 41. h3 Qd6 42. b4 Ke8 43. Qe4 Ne5 44. Rh7 1-0